000 01494nam2a2200265 4500
001 RU\NLR\BIBL_A\022106602
005 20260406051058.0
035 _a(NLR Aleph) 022106602
090 _a12763788
_c12763788
100 _a20071224d1908 |||y0rusy50 ca
101 0 _arus
102 _aRU
105 _ay z 000hy
200 0 _a[Вып. 1]
_fс предисловием проф. И. В. Лучицкого
210 _d1908
_aБ. м.
215 _a[4], VI, 150 с.
225 1 _aК истории еврейских погромов и погромных процессов в России
327 0 _aНа тит. с. содерж.: речи и заявления прис. пов. П. А. Андреевского, М. В. Беренштама, М. М. Винавера, О. О. Грузенберга, А. С. Зарудного, С. Е. Кальмановича, Н. П. Каравчевского, М. А. Кроля, Л. А. Куперника, А. Д. Марголина [и др.]
461 0 _1001v19\rc\1840538
_12001#$aРечи по погромным делам$v[Вып. 1]
_95871812
_cКиев
_d1908
_nТипография С. Г. Слюсаревского
_tРечи по погромным делам
_v[Вып. 1]
702 1 _4080
_7ca
_8rus
_aЛучицкий
_bИ. В.
_f1845-1918
_gИван Васильевич
_9116391
_3RU\NLR\AUTH\776437
852 _aNLR
_j37.2.5.25(1)
852 _aNLR
_j37.69.7.32(1)
942 _cBOOK
980 _aNB